| 000 | 01388nmc a2200385 a 4500 | ||
|---|---|---|---|
| 003 | AR-BaBNM | ||
| 005 | 20251128204536.0 | ||
| 008 | 245019s1974 ||||||||||||||000 | spa|| | ||
| 040 | _cAR-BaBNM | ||
| 100 | 1 | _aLedrut, Raymond | |
| 245 | 1 | 0 |
_aEl espacio social de la ciudad _bproblemas de sociología aplicada al ordenamiento urbano |
| 260 |
_aBuenos Aires _bAmorrortu _c1974 |
||
| 300 | 0 |
_a276 p. _bcuadros, gráfs., mapas |
|
| 490 | 0 | _aBiblioteca de sociología | |
| 500 | 1 | _aPrólogo: coloquio de la Asociación Internacional de Sociólogos de Lengua Francesa Neuchâtel, octubre de 1968 | |
| 500 | 0 | _aUltimas publicaciones y documentos referentes a Toulouse utilizados por el autor: p. 273 | |
| 504 | _aBibliografía y fuentes con publicaciones de carácter general, publicaciones que tratan específicamente la organización del espacio social urbano: p.270-273 | ||
| 650 | 4 | _aSOCIOLOGIA URBANA | |
| 650 | 4 | _aURBANISMO | |
| 650 | 4 | _aPLANIFICACION URBANA | |
| 650 | 4 | _aEXPANSION URBANA | |
| 650 | 4 | _aBARRIOS | |
| 650 | 4 | _aCIUDADES | |
| 650 | 4 | _aPOBLACION URBANA | |
| 650 | 4 | _aDESARROLLO URBANO | |
| 650 | 4 | _aTRANSPORTE | |
| 650 | 4 | _aESTADISTICAS SOCIALES | |
| 650 | 4 | _aENCUESTAS SOCIALES | |
| 650 | 4 | _aSOCIEDADES INDUSTRIALES | |
| 650 | 4 | _aCALIDAD DE VIDA | |
| 651 | 4 | _aFrancia | |
| 800 | 1 |
_aRigal, Luis A. _edirector |
|
| 942 | _cBK | ||
| 998 | _cEthel | ||
| 999 |
_c7847 _d7847 |
||